Alturas, tensiones, ataques, intensidades: memorias
Saved in:
| Hovedforfatter: | |
|---|---|
| Format: | Bog |
| Sprog: | spansk |
| Udgivet: |
Buenos Aires
De la Flor
1972
|
| Fag: | |
| Tags: |
Tilføj Tag
Ingen Tags, Vær først til at tagge denne postø!
|
MARC
| LEADER | 00000nam a2200000 a 4500 | ||
|---|---|---|---|
| 001 | UCX7082 | ||
| 003 | CL-VaPUC | ||
| 005 | 20230328130218.0 | ||
| 008 | 930922e19720000AG |||||||||||||||||spa|d | ||
| 999 | |c 226997 |d 226995 | ||
| 040 | |c Pontificia Universidad Católica de Valparaíso | ||
| 082 | 0 | 4 | |a 928.82 |b PAZ |2 21 |
| 100 | 1 | |a Paz, Juan Carlos |e autor |9 323840 | |
| 245 | 1 | 0 | |a Alturas, tensiones, ataques, intensidades: memorias |
| 260 | |a Buenos Aires |b De la Flor |c 1972 | ||
| 300 | |a 357 p | ||
| 583 | |a last modification |c 19930922 00:00:00 |k Rodrigo Vera | ||
| 600 | |a Paz, Juan Carlos |d 1897-1972 |x Autobiografías |9 880992 | ||
| 650 | 7 | |a MEMORIAS |2 CL-VaPUC |9 269159 | |
| 942 | |c BK |2 ddc | ||
| 945 | |d 19930922 00:00:00 | ||
| 952 | |0 0 |1 0 |4 0 |6 928_820000000000000_PAZ_1972 |7 0 |8 A |9 225741 |a BIBEDU |b BIBEDU |d 2019-11-15 |i 294359K |o 928.82 PAZ 1972 |p 294359K |r 2019-11-15 |w 2019-11-15 |y BK |k LIT | ||